Пальцы чешутся, к чему бы ?...: пер. с англ.; роман

Detalles Bibliográficos
Autor principal: Кристи (Вестмакотт) А. (М.) Агата (Мэри)
Sumario:В обоих романах А. Кристи происходит череда загадочных смертей, да и оба они начинаются с вроде бы незначительных вопросов: «Это было ваше бедное дитя?» и «Почему не Эвенс?», В поисках ответа герои Агаты Кристи попадают в смертельно опасный водоворот событий и сами едва не становятся жертвами изощренных, тщательно продуманных преступлений.
Lenguaje:ruso
Publicado: Москва, Книги "Искателя", 2003
Colección:Детективы "Искателя"
Materias:
Formato: Libro
KOHA link:https://koha.lib.tpu.ru/cgi-bin/koha/opac-detail.pl?biblionumber=104215

MARC

LEADER 00000nam0a2200000 4500
001 104215
005 20231101214532.0
010 |a 594743184X 
035 |a (RuTPU)RU\TPU\book\112332 
090 |a 104215 
100 |a 20061030d2003 m y0rusy50 ca 
101 1 |a rus  |c eng 
102 |a RU 
105 |a y z 000ay 
200 1 |a Пальцы чешутся, к чему бы ?...  |e пер. с англ.  |e роман  |f А. Кристи 
210 |a Москва  |c Книги "Искателя"  |d 2003 
215 |a 319 с. 
225 1 |a Детективы "Искателя"  |h Вып. 2 
330 |a В обоих романах А. Кристи происходит череда загадочных смертей, да и оба они начинаются с вроде бы незначительных вопросов: «Это было ваше бедное дитя?» и «Почему не Эвенс?», В поисках ответа герои Агаты Кристи попадают в смертельно опасный водоворот событий и сами едва не становятся жертвами изощренных, тщательно продуманных преступлений. 
610 1 |a английская литература 
610 1 |a романы 
610 1 |a детективы 
675 |a 82  |v 3 
700 1 |a Кристи (Вестмакотт)  |b А. (М.)  |c полное имя Дейм Агата Мэри Кларисса Кристи  |c девичья фамилия Миллер  |c псевдоним Мэри Уэстмаккот (Вестмакотт)  |c английская писательница  |f 1890-1976  |g Агата (Мэри)  |2 stltpush  |3 (RuTPU)RU\TPU\pers\854  |9 381 
801 1 |a RU  |b 63413507  |c 20061030  |g PSBO 
801 2 |a RU  |b 63413507  |c 20150709  |g PSBO 
942 |c BK